000 00939nam a2200277Ia 4500
005 20250425162120.0
008 250425s9999 xx 000 0 und d
020 _a9681825055
041 _aspa
082 _a631.56
100 _aPOEHLMAN, JOHN MILTON
245 0 _aMEJORAMIENTO DE LAS COSECHAS
250 _a1A ED.
260 _aMEXICO
260 _aMéxico
_bLIMUSA
_c1990
300 _a452
500 _aEN CIBGZ-FIMC D-30501 V.1/502V.2 PARA ING. AGROP.
520 _aPRESENTA DETALLADAMENTE LA METODOLOGIA Y LOS RESULTADOS DEL MEJORAMIENTO GENETICO DE VARIAS ESPECIES, ENTRE LAS QUE TENEMOS AL TABACO, LO QUE HA DADO UN GRAN IMPULSO A LA INDUSTRIA TABACALERA Y HA DESPERTADO UN RECHAZO POR PARTE DE QUIENES DEFIENDEN
650 _aCULTIVO Y COSECHA
650 _aGENETICA DE LOS CULTIVOS
650 _aMAIZ-PRODUCCION
650 _aSEMILLAS OLEAGINOSAS
650 _aSOYA
942 _c01
010 _a51093
999 _c222650
_d222650